The curse of the cheese pyramid / (Record no. 317)

MARC details
000 -LEADER
fixed length control field 01531cam a2200445 a 4500
001 - CONTROL NUMBER
control field 317
003 - CONTROL NUMBER IDENTIFIER
control field FISKH
005 - DATE AND TIME OF LATEST TRANSACTION
control field 20230616111110.0
008 - FIXED-LENGTH DATA ELEMENTS--GENERAL INFORMATION
fixed length control field 040706s2004 nyuab b 000 1 eng d
010 ## - LIBRARY OF CONGRESS CONTROL NUMBER
LC control number 2004301114
020 ## - INTERNATIONAL STANDARD BOOK NUMBER
International Standard Book Number 0439559642 (pbk.)
035 ## - SYSTEM CONTROL NUMBER
System control number (OCoLC)ocm54483432
040 ## - CATALOGING SOURCE
Original cataloging agency UPZ
Transcribing agency UPZ
Modifying agency DLC
041 1# - LANGUAGE CODE
Language code of text/sound track or separate title eng
Language code of original ita
042 ## - AUTHENTICATION CODE
Authentication code lcac
-- lccopycat
050 00 - LIBRARY OF CONGRESS CALL NUMBER
Classification number PZ7
Item number .C9373 2004
082 00 - DEWEY DECIMAL CLASSIFICATION NUMBER
Classification number 853.914
Edition number 22
100 1# - MAIN ENTRY--PERSONAL NAME
Personal name Dami, Elisabetta
245 14 - TITLE STATEMENT
Title The curse of the cheese pyramid /
Statement of responsibility, etc. Geronimo Stilton ; [illustrations by Matt Wolf].
260 ## - PUBLICATION, DISTRIBUTION, ETC.
Place of publication, distribution, etc. New York
Name of publisher, distributor, etc. Scholastic
Date of publication, distribution, etc. 2004.
300 ## - PHYSICAL DESCRIPTION
Extent 112 p. :
Other physical details col. ill., col. maps ;
Dimensions 20 cm.
500 ## - GENERAL NOTE
General note "English translation... by Edizioni Piemme S.p.A."--T.p. verso.
505 ## - FORMATTED CONTENTS NOTE
Formatted contents note H
520 ## - SUMMARY, ETC.
Summary, etc. Geronimo travels to Egypt to interview Professor Alrat Spitfur and learns the secret of the Seven Wonders of the Ancient Mouse World.
521 0# - TARGET AUDIENCE NOTE
Target audience note 500 <br/>
Source Lexile
521 1# - TARGET AUDIENCE NOTE
Target audience note H <br/>
Source Raz-Plus
600 10 - SUBJECT ADDED ENTRY--PERSONAL NAME
Personal name Dami, Elisabetta
Form subdivision Juvenile fiction.
650 #0 - SUBJECT ADDED ENTRY--TOPICAL TERM
Topical term or geographic name entry element Mice
Form subdivision Juvenile fiction.
650 #0 - SUBJECT ADDED ENTRY--TOPICAL TERM
Topical term or geographic name entry element Animals
Form subdivision Juvenile fiction.
650 #1 - SUBJECT ADDED ENTRY--TOPICAL TERM
Topical term or geographic name entry element Mice
Form subdivision Fiction.
650 #1 - SUBJECT ADDED ENTRY--TOPICAL TERM
Topical term or geographic name entry element Animals
Form subdivision Fiction.
650 #1 - SUBJECT ADDED ENTRY--TOPICAL TERM
Topical term or geographic name entry element Pyramids
Form subdivision Fiction.
650 #1 - SUBJECT ADDED ENTRY--TOPICAL TERM
Topical term or geographic name entry element Journalists
Form subdivision Fiction.
650 #1 - SUBJECT ADDED ENTRY--TOPICAL TERM
Topical term or geographic name entry element Adventure and adventurers
Form subdivision Fiction.
650 #1 - SUBJECT ADDED ENTRY--TOPICAL TERM
Topical term or geographic name entry element Humorous stories.
651 #1 - SUBJECT ADDED ENTRY--GEOGRAPHIC NAME
Geographic name Egypt
Form subdivision Fiction.
856 42 - ELECTRONIC LOCATION AND ACCESS
Materials specified Publisher description
Uniform Resource Identifier <a href="http://www.loc.gov/catdir/description/schol051/2004301114.html">http://www.loc.gov/catdir/description/schol051/2004301114.html</a>
906 ## - LOCAL DATA ELEMENT F, LDF (RLIN)
a 7
b cbc
c copycat
d 2
e ncip
f 20
g y-gencatlg
942 ## - ADDED ENTRY ELEMENTS (KOHA)
Source of classification or shelving scheme Dewey Decimal Classification
Koha item type Books
Holdings
Withdrawn status Lost status Source of classification or shelving scheme Damaged status Not for loan Collection Home library Current library Shelving location Date acquired Total Checkouts Full call number Barcode Date last seen Date last checked out Copy number Price effective from Koha item type
    Dewey Decimal Classification     Juvenile Fiction Footprints International School Library Network Toul Kork Campus Footprints International School Library Network Toul Kork Campus TK Primary Library Room(4th Floor), Bookcase 1&2, Shelves 1-16, Dark Blue Books 03/21/2023 3 DAM 853.914 PZ7 FISTK00404 03/18/2026 03/11/2026 1 03/21/2023 Books
    Dewey Decimal Classification     Juvenile Fiction Footprints International School Library Network Toul Kork Campus Footprints International School Library Network Toul Kork Campus TK Primary Library Room(4th Floor), Bookcase 1&2, Shelves 1-16, Dark Blue Books 03/21/2023 4 DAM 853.914 PZ7 FISTK05258 02/19/2025 02/13/2025 2 03/21/2023 Books